000 00447nam a22001697a 4500
003 LK-CoMWRAF
005 20231026223038.0
008 231026b |||||||| |||| 00| 0 eng d
040 _aLK-CoMWRAF
_dLK-CoMWRAF
_eLK-CoMWRAF
041 _aeng
082 _a823
_bTID
100 _aTidball, Suba
245 _aThe Truth will set you free :
_bPreparing a child for Court
650 _aChild stories
700 _aTidball, Suba
_eills.
942 _cBK
999 _c4011
_d4011